000 00604nam a2200217Ia 4500
003 OSt
005 20220926020625.0
006 a|||||r|||| 00| 0
007 ta
008 220923b |||||||| |||| 00| 0 eng d
037 _cGeneral Book
040 _aRTL
_cRTL
_beng
041 _2eng
_aeng
082 _aB316, K5/SC
100 _aLIPSCHUTZ Seymour
_947658
245 0 _aTheory and problems of general topology.
260 _aNew York
_bSchaum Publishing Co.
_c1965
300 _a239p.
_ccm.
942 _hB316, K5/SC
_cGB
_2CC
999 _c634693
_d634693